Normal view
MARC view
- Sobczak A.
Entry Personal Name
001 - CONTROL NUMBER
- control field: 24480
003 - CONTROL NUMBER IDENTIFIER
- control field: IT-RoPau
005 - DATE AND TIME OF LATEST TRANSACTION
- control field: 20140511112644.0
008 - FIXED-LENGTH DATA ELEMENTS
- fixed length control field: 140511|| aca||aabn | a|a d
040 ## - CATALOGING SOURCE
- Original cataloging agency: IT-RoPau
- Transcribing agency: IT-RoPau
100 ## - HEADING--PERSONAL NAME
- Personal name: Sobczak A.
- Dates associated with a name: Codice autore testo/musica SPICS: 25156
- Relator term: Autore testo/musica
- Name of part/section of a work: Posluszna Jak Automat
670 ## - SOURCE DATA FOUND
- Source citation: Work cat.: (IT-RoPau)99736: AA.VV. 794, Przeboje (Lp Plp 0018)